[Event "Decameron"]
[Site "Decameron"]
[Date "2003.12.09"]
[Round "7"]
[White "Zapata, Alonso"]
[Black "Bruzon Batista, Lazaro"]
[Result "0-1"]
[WhiteElo "2472"]
[BlackElo "2610"]
[Annotator "Ribli,Z"]
[PlyCount "106"]
[EventDate "2003.12.06"]
[EventType "tourn"]
[EventRounds "9"]
[EventCountry "DOM"]
[EventCategory "9"]
[SourceTitle "CBM 099"]
[Source "ChessBase"]
[SourceDate "2004.03.30"]
[SourceVersion "1"]
[SourceVersionDate "2004.03.30"]
[SourceQuality "1"]

1. e4 c5 2. Nf3 e6 3. d4 cxd4 4. Nxd4 Nc6 5. Nc3 a6 {Diese Variante wir
heutzutage selten gespielt. Statt 5...a6 ist der Damezug 5...Qc7populär.
Interessant ist, dass Großmeister Zapata mit den schwarzen Steinen ebenfalls
die Paulsen Variante spielt.} 6. Nxc6 {Das ist die prinzipielle Fortsetzung
für Weiß, aber die Alternativen 6.Be2, 6.Be3, 6.f4 und 6.g3 kommen auch in
Betracht.} bxc6 7. Bd3 d5 (7... d6 8. O-O Nf6 {Das wäre die andere Möglichkeit
für Schwarz, aber die Fortsetzung 7...d5 scheint mir logischer.}) 8. O-O Nf6 9.
Re1 Be7 (9... Bb7 {Dieser Läuferzug ist elastischer als die Partiefortsetzung
- Schwarz lässt zeitweilig den Läufer auf f8 und Weiß kann nicht so leicht am
Königsflügel angreifen.}) 10. e5 Nd7 11. Qg4 {Mit diesem Damezug nutzt Weiß
aus, dass Schwarz schon Bf8-e7 gespielt hat.} (11. Na4 {[%cal Gc2c4]}) 11... g6
(11... O-O $2 12. Bh6 g6 13. Bxf8 Bxf8 14. Na4 $16) 12. Bh6 Rb8 {[%cal Gb8b2,
Gb8b4,Gb4g4] Der b2-Bauer hängt und Schwarz kann den Turm durch b4 ins Spiel
bringen.} (12... Bf8 13. Bxf8 Kxf8 14. Na4 a5 15. c4 Ba6 16. Qd4 Kg7 17. Rac1
$14) 13. Rab1 (13. Qh3 $5 Bf8 (13... Rb4 14. Bg7 (14. g3 Bf8 15. Bxf8 Kxf8 16.
Qh6+ Kg8 17. b3 Qf8 18. Qd2 Kg7 19. Na4 Rb8 20. c4 f6 21. exf6+ Qxf6 {0-1
Reichmann,E-Sinowjew,J/Austria 1993/TD (54)}) 14... Rh4 15. Qg3 Rg8 16. Bf6 Rb4
17. Bxe7 Qxe7 18. b3 h5 19. Na4 Rg4 20. Qe3 Qg5 21. g3 Qxe3 22. Rxe3 Rb4 {
1/2-1/2 Belotti,B-Romanishin,O/Reggio Emilia 1998/CBM 63 (59)}) 14. Bxf8 Kxf8
15. Qh6+ Kg8 16. b3 $5 Qf8 17. Qg5 Kg7 18. Ne2 Qd8 19. Qg3 c5 20. Nf4 Bb7 21.
h4 Qe7 22. Rad1 {1-0 Adams,M-Damljanovic,B/Neum 2002/CBM 90 (78)}) (13. a3)
13... Rb4 14. Qe2 (14. Qg3) 14... Rh4 $5 {Schwarz verjagt den Läufer von h6,
wonach er rochieren möchte.} (14... a5 15. g3 (15. Bg7 Rg8 16. Bh6 g5 $13)
15... Bg5 16. Bxg5 Qxg5 17. a3 Rb8 18. b4 axb4 19. axb4 O-O 20. Na4 Qe7 21. c3
Ra8 22. Ra1 c5 23. bxc5 {1/2-1/2 Sokolov,A-Begovac,F/SUI 1996/CBM 55 ext (23)})
15. Bd2 O-O {[%mdl 4] Schwarz beschäftigt sich nicht mit der Verteidigung des
a6-Bauern.} (15... Qb6 $5) 16. Bxa6 (16. g3 Rh5 17. Bf4 (17. f4 Nc5 $15) 17...
Nc5 $11) 16... Bxa6 17. Qxa6 Bc5 $44 {[%csl Gc5,Gh4][%cal Gc5g1] Schwarz hat
aktives Figurenspiel und der e5P ist eine Schwäche in der weißen Stellung.} (
17... Qc7 18. Qe2 (18. f4 Bc5+ 19. Kh1 f6 20. exf6 Rxf6 $44) 18... f6 19. g3
Rh5 20. exf6 Rxf6 21. Bf4 Bd6 22. Bxd6 Qxd6 $44 {[%cal Ge6e5]}) 18. Nd1 (18.
Qxc6 Rxh2 $1 $36 (18... Rc4 {[%cal Gc4c6,Gc5g1]} 19. Qb5 Bd4 20. Ne2 (20. b3 $6
Rxc3 (20... Bxc3 21. bxc4 Bxd2 22. Red1 (22. Re2 Qc7 {[%cal Gf8b8,Gb8b1]} 23.
Rxd2 Rb8 24. Qxb8+ Nxb8 25. cxd5 $13) 22... Nxe5 23. cxd5 exd5 24. Rxd2 Nf3+
25. gxf3 Qg5+ $11) 21. Qb4 Bxf2+ 22. Kxf2 Rxc2 $15) 20... Bxe5 $44) 19. Kxh2 $4
Qh4+ 20. Kg1 Qxf2+ 21. Kh1 Qh4#) 18... Qb8 (18... Bd4 19. Bc3 (19. Qxc6 Nxe5
$44) 19... Bxc3 20. Nxc3 Qc7 $44) 19. g3 (19. Bc3 Qb5 20. Qxb5 cxb5 $44 {
[%cal Gh4h5,Gh5e5,Gb5b4]}) 19... Rc4 {Die weiße Dame steht weit vom
Hauptkriegschauplatz entfernt.} 20. Bc3 Bb4 (20... Qb5 21. Qxb5 cxb5 22. b3 Re4
23. Rxe4 dxe4 24. a4 $14) 21. Bxb4 (21. Ne3 Re4 22. Bxb4 Rxb4 23. f4 Nc5 24.
Qa3 (24. Qxc6 Rc8 25. Qd6 Qa7 $19 {[%csl Rd6][%cal Rb4b6,Rb6d6]}) 24... Ne4 $36
{[%csl Ge4]}) 21... Rxb4 22. c3 (22. Qxc6 Nxe5 23. Qc3 d4 24. Qa3 Rb7 $1 $17 {
[%cal Gb7a7,Ga7a3]} (24... Nc4 25. Qd3 Nxb2 26. Nxb2 Rxb2 27. Rxb2 Qxb2 $15))
22... Rb6 (22... Rb5 $44 23. Qxc6 $6 Nxe5 24. Rxe5 Rb6 25. Qxb6 (25. Qc5 Qxe5
26. Qxb6 Qe1+ 27. Kg2 Qe4+ $19 {[%cal Re4b1,Re4g2]}) 25... Qxb6 $17) 23. Qe2
Qa7 {[%cal Gf8b8,Gb8b1,Ga7a2]} (23... f6 24. exf6 e5 $44) 24. a3 (24. b4 c5 $44
) 24... Rfb8 25. Rc1 c5 $1 {Schwarz mobilisiert seine Bauern im Zentrum.} 26.
Rc2 $6 (26. c4 d4 27. f4 Rb3 $44) 26... c4 $15 {[%csl Yb3,Yd3][%cal Gd7c5,
Gc5b3,Gc5d3] Obwohl Schwarz einen Bauern weniger hat, besitzt er die bessere
Stellung. Seine positionelle Drohung ist 27...Nc5, wonach der Springer zwei
gute Möglichkeiten hat: 28...Nd3 oder 28...Nb3.} 27. Qe3 {Weiß verhindert die
Möglichkeit 27...Nc5, aber Schwarz kann den Springerzug vorbereiten.} Qc7 28.
Rd2 Nc5 29. Ree2 (29. f3 Nd3 30. Ree2 $13) 29... Nb3 (29... Nd3 30. Rxd3 (30.
b4 Ra8 $15) 30... cxd3 31. Qxd3 Rb3 $15) 30. Rc2 Na1 31. Rcd2 Nb3 32. Rc2 Rd8 {
[%cal Rd5d4] Schwarz ist nicht zufrieden mit der Zugwiederholung. Seine
Drohung ist 33...d4 34.cxd4 Nxd4 mit Qualitätsgewinn.} 33. Re1 Rbb8 34. Qg5 d4
35. Rce2 (35. cxd4 $142 Nxd4 36. Rc3 Qc6 37. Qg4) 35... Rd7 (35... d3 36. Re4
$13) 36. Re4 dxc3 37. Nxc3 (37. bxc3 Nd2 38. Rf4 Qc6 39. Qg4 Rb1 $17) 37... Nd2
38. Rf4 Rxb2 {Schwarz stellt das materielle Gleichgewicht her und behält sehr
aktives Figurenspiel.} 39. h4 {Weiß möchte am Königsflügel Gegenspiel finden.}
(39. Ne4 Nxe4 40. Rfxe4 Rdd2 $17) 39... Qa5 $17 {[%cal Ra5c3,Ra5a3] Auf diese
Weise gewinnt Schwarz einen Bauern.} 40. Re3 Qxa3 41. h5 Qa1+ 42. Kg2 (42. Kh2
Nf1+ $19 {[%cal Rf1e3,Rf1h2]}) 42... Qf1+ 43. Kh2 {[#]} Nf3+ $3 {[%mdl 512]
Nach diesem schönen Springeropfer befindet sich der weiße König im Mattnetz.}
44. Rfxf3 (44. Rexf3 Rb1 45. Nxb1 Rd1 {[%cal Rd1h1,Rh1h2]} 46. Qd8+ Rxd8 47.
Nc3 Ra8 $19) 44... Rxf2+ 45. Rxf2 Qxf2+ 46. Kh3 Qf1+ 47. Kg4 (47. Kh4 Qh1+ 48.
Kg4 Rd4+ $19) 47... Rd4+ 48. Ne4 Rxe4+ $1 $19 {Das ist der einfachste Weg zum
Sieg.} (48... h6 49. Qxh6 Qf5+ 50. Kh4 Rxe4+ $19) 49. Rxe4 Qf5+ 50. Qxf5 (50.
Kh4 Qxe4+ $19) 50... gxf5+ 51. Kf4 fxe4 52. Kxe4 Kg7 53. Kd4 Kh6 0-1

[Event "Biel GM"]
[Site "Biel"]
[Date "2005.07.24"]
[Round "7"]
[White "Nakamura, Hikaru"]
[Black "Volokitin, Andrei"]
[Result "1/2-1/2"]
[WhiteElo "2660"]
[BlackElo "2671"]
[Annotator "Ribli,Z"]
[PlyCount "82"]
[EventDate "2005.07.17"]
[EventType "tourn"]
[EventRounds "10"]
[EventCountry "SUI"]
[EventCategory "16"]
[SourceTitle "CBM 108"]
[Source "ChessBase"]
[SourceDate "2005.09.26"]
[SourceVersion "1"]
[SourceVersionDate "2005.09.26"]
[SourceQuality "1"]

1. e4 c5 2. Nf3 e6 3. d4 cxd4 4. Nxd4 Nc6 5. Nc3 a6 {Der junge ukrainische
Großmeister spielt gerne die Paulsen Variante.} 6. Nxc6 bxc6 7. Bd3 d5 8. O-O
Nf6 9. Re1 Be7 $5 {Dieser Zug ist in der letzten Zeit populärer, als die
Alternative 9...Bb7.} (9... Bb7 10. Bf4 (10. Qf3 Be7 11. Qg3 Kf8 12. Bd2 a5 13.
Rad1 h5 14. h3 h4 15. Qf3 Kg8 16. Bf4 a4 17. a3 Nd7 18. Qg4 Nf6 19. Qf3 Nd7 20.
Qg4 Nf6 21. Qe2 Nd7 22. Qg4 Nc5 (22... Nf6 $11) 23. Be5 Bf8 24. Ne2 Bc8 25. Qf3
Nd7 26. Bc3 $14 {1-0 De Vreugt,D-Bruzon Bautista,L/Santo Domingo 2003/CBM 97
ext (66)}) 10... Be7 11. Qf3 (11. e5 Nd7 12. Na4 c5 13. c4 d4 14. b3 Bg5 15.
Qg4 Bxf4 16. Qxf4 h6 17. Be4 Bxe4 18. Qxe4 a5 19. Rad1 g6 20. Rd3 Kf8 21. Rg3
Kg7 22. h4 h5 23. Rg5 Ra7 24. Rd1 Qa8 25. Qf4 {1-0 Nijboer,F-Rublevsky,S/Bled
2002/EXT 2003 (37)}) 11... g6 (11... Qa5 $6 12. a3 $1 d4 13. e5 dxc3 14. exf6
cxb2 {[#]} 15. fxe7 $5 bxa1=Q 16. Rxa1 Kxe7 $2 (16... Qc5 17. Qg3 Qxe7 18. Qxg7
Rf8 19. Rb1 $44) 17. Rb1 $40 {[%csl Gb1,Rb7,Gd3,Re7,Gf3,Gf4] 1-0 Anand,
V-Morovic Fernandez,I/Sao Paulo 2004/CBM 103/[Ribli Zoltan] (25)}) (11... O-O
$5 12. Rad1 Nd7 13. Na4 Nb6 14. Nxb6 Qxb6 15. b3 c5 16. exd5 Bxd5 17. Qh3 g6
18. Be5 Rfe8 19. Re3 Bf8 20. Qh4 $14 {1/2-1/2 Svidler,P-Anand,V/Cap d'Agde
2003/CBM 98 (53)}) 12. Rad1 O-O 13. Bg5 d4 14. Na4 Nd7 15. Bxe7 Qxe7 16. e5
Rab8 17. Qe2 c5 18. Be4 Bxe4 19. Qxe4 Nb6 20. Nxb6 Rxb6 $11 {1/2-1/2 Kolev,
A-Damljanovic,B/Bajada de la Virgen 2005/CBM 106 ext (34)}) 10. Qf3 O-O 11. Bf4
{Weiß hält die Spannung aufrecht und gegebenenfalls e4-e5 spielen. 10.Qf3 und
11.Bf4 ist die beste Möglichkeit für Weiß im Falle von 9...Bb7.} (11. Bg5 d4
12. Na4 e5 13. b3 Be6 14. Nb2 Nd7 15. Bd2 a5 16. a4 Nb6 17. Qe2 Bg5 {0-1
Kudinov,I-Taimanov,M/Stockholm 1998/EXT 99 (94)}) 11... g6 (11... Bb7 12. Rad1
Nd7 13. Na4 Nb6 {Mit Zugumstellung wäre die Variante 9...Bb7 10.Bf4 Be7 11.Qf3
0-0 erreicht.}) 12. Na4 (12. e5 Nd7 13. Bh6 Re8) (12. Bh6 Re8) 12... Bb7 13.
Rad1 (13. c4 $5 {Dieser Zug erinnert mich an die Partie Smyslov, V - Hansen,
Cu Biel (izt) 1993. Mit 13...dxe4 14.Bxe4 Nxe4behält Schwarz das Läuferpaar,
aber Weiß bekommt einen kleinen Positionsvorteil, da der Bb7 eingeschlossen
ist.} Qa5 14. Nc3 (14. b3) 14... d4 15. Ne2 e5 16. Bg5 Qd8 17. c5 $14) 13...
Qa5 $1 {[%mdl 4] Mit Tempo gespielt und im folgenden kann Schwarz, nach dem
Tausch auf e4, die d-Linie besetzen.} 14. b3 dxe4 15. Bxe4 Nxe4 16. Qxe4 Rad8
17. h3 (17. Be5 Rxd1 18. Rxd1 Rd8 19. Rxd8+ Qxd8 20. Qd4 Qd5 21. Nc3 Qxd4 22.
Bxd4 c5 23. Be3 Bc6 $11 {1-0 Cheparinov,I-Firman,N/Warsaw 2005/CBM 108 (65)})
17... Qh5 $11 {[%cal Gd8d1,Gh5d1] Weiß hat zwar die bessere Bauernstruktur,
aber das schwarze Figurenspiel ist aktiv und er besitzt das Läuferpaar.} 18.
Rxd8 (18. Nc3 Bf6 $11 (18... Rxd1 19. Rxd1 Bf6 $11)) 18... Rxd8 19. c4 Rd7 $1 {
[%csl Gd7][%cal Gc6c5,Gd7b7] Schwarz verteidigt den b7-Läufer und bereitet 20..
.c5 vor.} 20. Be5 (20. c5 Bxc5 21. Nxc5 Qxc5 22. Rc1 Qd5 23. Qe3 c5 24. f3 $11)
20... c5 {[%csl Gb7,Rc5] Schwarz muss so spielen. Nach diesem Zug kann der Bb7
große Aktivitäten entfalten, jedoch wird der Pc5 schwach.} 21. Qe3 Qf5 22. Nb2
$6 (22. Nxc5 $5 Bxc5 23. Qxc5 Qg5 24. f3 (24. g3 $2 f6 25. Bd4 Qd2 $19) 24...
Rd2 (24... Bxf3) 25. g3 (25. g4 Qh4 $36) 25... Qf5 26. Qe3 Qxf3 27. Qxf3 Bxf3
$11) 22... Bg5 (22... f6 23. Bg3 (23. Bc3 e5 $15) 23... e5 $15) 23. f4 (23.
Qxc5 Bf4 $36 (23... Bd2 $44)) 23... Bh4 24. Re2 h5 25. Kh2 (25. Rd2 Rxd2 26.
Qxd2 Be7 $15 {[%cal Gh5h4]}) 25... Be7 26. Rf2 h4 $15 {[%csl Gb7,Ge7,Gh4][%cal
Gd7d1] Die weiße Verteidungsstellung ist sicher, aber Schwarz hat
Positionsvorteil, das Läuferpaar, Raumvorteil und kontrolliert die einzige
offene Linie.} 27. Bc3 Qe4 $1 28. Re2 Qxe3 29. Rxe3 g5 {[%mdl 4096]} 30. fxg5 (
30. g3 gxf4 31. gxf4 Kh7 $15) 30... Bxg5 31. Rd3 (31. Re2 Kf8 $15) 31... Rxd3
32. Nxd3 Be3 {[%csl Gb7,Ge3]} 33. Ne5 f6 34. Nf3 $6 (34. Nd7 $5 f5 (34... Bd4
35. Bxd4 cxd4 36. Nc5 $1 (36. Nxf6+ Kg7 37. Ng4 Kg6) 36... e5 37. Kg1 $132) 35.
Be5 $11) 34... Kf7 35. a4 (35. Nxh4 Be4) 35... Be4 36. b4 (36. Nxh4 Bc2 37. b4
Bxa4 38. bxc5 Bxc5 $17) 36... cxb4 37. Bxb4 Bf2 38. a5 e5 $17 {[%csl Ge4,Ge5,
Gf2] Mit Unterstützung des Läuferpaars ist der e-Bauer sehr stark.} 39. Nd2 Bc6
$2 (39... Bd3 $17) 40. Nb3 Bb7 $2 (40... e4 $17) 41. Nc5 $11 Bxc5 (41... Bc8 $2
42. Ne4 {[%cal Re4d6,Rd6f7,Rd6c8,Re4f2]} Bg3+ 43. Nxg3 hxg3+ 44. Kxg3 Be6 45.
c5 Bd5 46. Kf2 $16) 1/2-1/2

[Event "Biel GM"]
[Site "Biel"]
[Date "2005.07.20"]
[Round "4"]
[White "Carlsen, Magnus"]
[Black "Volokitin, Andrei"]
[Result "0-1"]
[WhiteElo "2528"]
[BlackElo "2671"]
[Annotator "Ribli,Z"]
[PlyCount "74"]
[EventDate "2005.07.17"]
[EventType "tourn"]
[EventRounds "10"]
[EventCountry "SUI"]
[EventCategory "16"]
[SourceTitle "CBM 108"]
[Source "ChessBase"]
[SourceDate "2005.09.26"]
[SourceVersion "1"]
[SourceVersionDate "2005.09.26"]
[SourceQuality "1"]

1. e4 c5 2. Nf3 e6 3. d4 cxd4 4. Nxd4 Nc6 5. Nc3 a6 6. Be3 Nf6 7. g4 h6 8. Bg2
d5 9. O-O Bb4 {Mit normalen Entwicklungszügen erreicht Schwarz eine bequeme
Stellung.} 10. h3 {In der 11.Runde des Turniers spielte Magnus 10.exd5.} (10.
exd5 exd5 11. h3 O-O 12. Nce2 Re8 13. Nxc6 bxc6 14. c4 a5 15. Nd4 Ra6 16. Qd3
c5 17. Nf5 d4 18. Bf4 a4 {0-1 Carlsen,M-Korneev,O/Warsaw 2005/CBM 108 (34)})
10... O-O 11. Nde2 $6 (11. exd5 exd5 12. Nce2) 11... Bxc3 12. Nxc3 d4 {[%cal
Rd4c3,Rd4e3]} 13. e5 Nxg4 $1 $15 {[%mdl 64] Dieser Zwischenzug ist sehr stark.}
(13... dxe3 14. Qxd8 Rxd8 15. exf6 $14) 14. Qxg4 (14. Bxd4 Ngxe5 15. Bc5 Re8
$15) 14... dxe3 15. Bxc6 (15. Qg3 $5) 15... bxc6 16. Ne4 $1 {[%cal Ge4f6] Weiß
beschäftigt sich nicht mit dem schwarzen e3-Bauern, er positioniert seinen
Springer am Königsflügel.} (16. fxe3 Qb6 $15) 16... Qc7 (16... Rb8 $15) 17.
Nf6+ $6 {Der Springer steht "schön" auf f6, aber Weiß hat keine konkreten
Drohungen am Königsflügel.} (17. Nd6 $5) (17. Qg3 $5) 17... Kh8 18. Qh5 Rb8 {
[%csl Gb8][%cal Gb8b2,Gb8b4,Gb4f4] Schwarz bringt den Turm ins Spiel.} 19. Rae1
Rb4 (19... exf2+ 20. Rxf2 Rxb2 $17) 20. Ng4 (20. Rxe3 Rd8 $15 (20... c5 $15))
20... Kh7 21. fxe3 (21. Nxe3 Rxb2 $17) (21. Rxe3 Rxb2 22. Rg3 Qd8 $17) 21... f5
$1 {[%mdl 256] Ein ausgezeichneter Verteidigungszug - 22.exf6 ep. ist schlecht,
da Weiß Probleme mit seiner Figurenkoordination bekommt.} 22. e4 (22. exf6 Qg3+
23. Kh1 Rb5 24. fxg7 Rxh5 25. gxf8=N+ Kg7 $19) 22... Qb6+ (22... Rxb2 $17) (
22... Qd8 $17) 23. Kh1 Qd8 24. Nf2 (24. exf5 exf5 $17) 24... Rxb2 $17 {Schwarz
hat einen Bauern mehr und eine schwache weiße Bauernstruktur.} 25. Rg1 Qe8 26.
Qh4 Rxc2 {Für die zwei Minusbauern hat Weiß keine Kompensation.} 27. Rg2 c5 {
[%cal Gc8b7,Gb7h1] Schwarz möchte seinen Läufer auf die Diagonale b7-h1
bringen.} 28. Reg1 Rg8 29. Qg3 Bb7 30. Qb3 Bxe4 31. Nxe4 Rxg2 32. Rxg2 fxe4 $19
{Schwarz hat drei Bauern mehr und steht auf Gewinn.} 33. Qb7 Qh5 34. Qxe4+ Qf5
35. Qe3 (35. Qxf5+ exf5 $19) 35... Rd8 36. Qg3 Rd7 37. Kh2 Qe4 0-1

[Event "EU-ch 6th"]
[Site "Warsaw"]
[Date "2005.06.29"]
[Round "11"]
[White "Carlsen, Magnus"]
[Black "Korneev, Oleg"]
[Result "0-1"]
[WhiteElo "2548"]
[BlackElo "2611"]
[Annotator "Ribli,Z"]
[PlyCount "68"]
[EventDate "2005.06.18"]
[EventType "swiss"]
[EventRounds "13"]
[EventCountry "POL"]
[SourceTitle "CBM 108"]
[Source "ChessBase"]
[SourceDate "2005.09.26"]
[SourceVersion "1"]
[SourceVersionDate "2005.09.26"]
[SourceQuality "1"]

1. e4 c5 2. Nf3 e6 3. d4 cxd4 4. Nxd4 Nc6 5. Nc3 a6 6. Be3 Nf6 7. g4 {Dieser
Zug führt zu sehr scharfem Spiel und erinnert mich ein wenig an den
Keres-Angriff der Scheveninger Variante. Mit 7.Qd2 kann Weiß nicht so
erfolgreich spielen, wie im Falle von 5...Qc7 (statt 5...a6), da mit 7...Bb4 8.
f3 d5 Schwarz gute Chancen bekommt.} (7. Qd2) 7... h6 {Wie in der Scheweninger
Variante (1.e4 c5 2.Nf3 e6 3.d4 cxd4 4.Nxd4 Nf6 5.Nc3 d6 6.g4) ist dies eine
gute und ruhige Fortsetzung.} (7... h5 8. gxh5 Qa5 9. h6 g6 10. Qf3 Nh5 11.
Nxc6 bxc6 12. O-O-O Rb8 13. Rd4 c5 14. Rc4 Bb7 15. Be2 Bc6 16. Rd1 Rb4 {
1/2-1/2 Forster,R-Gavrikov,V/Switzerland 2003/EXT 2004 (32)}) (7... Bb4 8. Bg2
d5 (8... h6 $5) 9. g5 $1 Nxe4 10. Nxc6 bxc6 11. Bxe4 Bxc3+ (11... dxe4 12.
Qxd8+ Kxd8 13. O-O-O+ Ke7 14. Nxe4 $16) 12. bxc3 dxe4 13. Qxd8+ Kxd8 14. O-O-O+
Kc7 15. Bf4+ Kb7 16. Be5 $36 {[%csl Rb7,Rc8,Ge5] 1-0 Hector,J-Hansen,C/Malmo
2003/CBM 95/[Ribli] (49)}) 8. Bg2 (8. h3 Qc7 9. Bg2 Nxd4 10. Qxd4 e5 11. Qb6
Qxb6 12. Bxb6 d6 13. O-O-O Be6 14. Bc7 Kd7 15. Ba5 Rb8 {1/2-1/2 Hector,
J-Andersson,U/Sweden 2000/EXT 2002 (63)}) 8... d5 9. O-O Bb4 10. exd5 {Das ist
die Neuerung von Weiß; 7 Runden früher spielte der junge norwegische GM hier
10.h3.} (10. h3 O-O 11. Nde2 Bxc3 12. Nxc3 d4 13. e5 Nxg4 14. Qxg4 dxe3 15.
Bxc6 bxc6 16. Ne4 Qc7 {0-1 Carlsen,M-Volokitin,A/Biel 2005/CBM 108 (37)}) 10...
exd5 11. h3 O-O $11 {Diese Stellung erinnert mich an die Variante 1.e4 c5 2.
Nc3 Nc6 3.g3 e6 4.Bg2 Nf6 5.Nge2 d5 6.exd5 exd5 7.d4 cxd4 8.Nxd4. Der
Hauptunterschied ist, dass in unsere Partie die weiße Königsstellung schächer
ist.} 12. Nce2 Re8 13. Nxc6 $6 {[%mdl 16384] Mit diesem Zug verstärkt Weiß nur
die gegnerische Zentrumsstellung.} (13. c3 $11) (13. Ng3 $11) 13... bxc6 $15 {
[%csl Gc6,Gd5]} 14. c4 a5 {[%cal Gc8a6,Ga6f1]} (14... Rb8 $15) 15. Nd4 Ra6 (
15... Bb7 16. Rc1 $11) 16. Qd3 (16. a3 Bf8 $15 (16... Bd6 $15)) 16... c5 17.
Nf5 (17. Nc2 Rd6 $15 {[%cal Gc8a6,Ga6f1]}) (17. Nb5 $5) 17... d4 (17... Bxf5
18. Qxf5 dxc4 19. Qc2 $11) 18. Bf4 (18. Bd2 $6 Bxd2 19. Qxd2 Bxf5 20. gxf5 Qd7
$17) 18... a4 19. Bf3 $6 {Dieser Läuferzug scheint mir etwas zu passiv - nach
meiner Meinung sollte Weiß 19.a3 spielen.} (19. a3 Ba5 $15) 19... a3 20. b3
Bxf5 21. Qxf5 (21. gxf5 Nd7 $17 {[%cal Gd7e5,Ge5d3,Ge5f3]}) 21... Rae6 $17 {
[%csl Gb4,Ge6,Ge8][%cal Ge8e1] Schwarz kontrolliert sehr stark die einzige
offene Linie und sein Läufer steht gut auf b4. Aber statt der
Partiefortsetzung konnte Schwarz stark mit 21...Nxg4! fortsetzen.} (21... Nxg4
$1 {[%csl Ga6][%cal Ga6g6]} 22. Qxg4 (22. hxg4 Rf6 23. Qd3 Rxf4 $19) 22... Rg6
$19) 22. Rad1 Ne4 23. Bxe4 Rxe4 {Alle schwarzen Figuren stehen sehr aktiv,
während es in der weißen Stellung nur Schwächen gibt.} 24. Bd2 g6 (24... R8e5
25. Qf3 Re2 26. Bxb4 cxb4 $17) 25. Qf3 Bxd2 26. Rxd2 h5 $1 {[%cal Rd8g5,Rg5g1,
Rg5d2][%mdl 128] Mit diesem Zug beginnt Schwarz seinen direkte Angriff am
Königsflügel.} 27. Qg3 hxg4 28. hxg4 Qg5 {[%csl Rd2,Rg1,Rg3][%cal Rg5d2,Re4g4]}
29. f4 Re3 $19 (29... Qe7 $17) 30. Qh2 (30. fxg5 Rxg3+ $19) 30... Qxg4+ 31. Rg2
Qf5 32. Rg5 Qd3 33. Qh4 Rh3 34. Qg4 Rh1+ 0-1